Wykonawcy muzyczni na literę C - Statystyki

Ogólne statystyki
  • Ten quiz został rozwiązany 11 razy
  • Średni wynik to 7 z 20
Statystyki odpowiedzi
Lata aktywności Państwo Piosenki Zespół lub artysta % Poprawnych
2018– Havana | Señorita Camila Cabello
70%
1981– My Heart Will Go On | Ne partez pas sans moi Celine Dion
70%
1994–2022 Gangsta's Paradise | C U When U Get There Coolio
70%
1965– If I Could Turn Back Time | Believe Cher
60%
1983– Girls Just Want to Have Fun | Time After Time Cyndi Lauper
60%
1999– Genie in a Bottle | Candyman Christina Aguilera
50%
2000– Yellow | Every Teardrop is a Waterfall Coldplay
40%
1982– Karma Chameleon | Do You Really Want to Hurt Me Culture Club
40%
1977–1986 Should I Stay or Should I Go | Rock the Casbah The Clash
40%
2011– 3005 | This is America Childish Gambino
30%
1955–2017 Johnny B. Goode | Roll Over Beethoven Chuck Berry
30%
1966–1968 Sunshine of Your Love | Crossroads Cream
30%
1968–1972 Fortunate Son | Proud Mary Creedence Clearwater Revival
30%
1978–1988 My Best Friend's Girl | Drive The Cars
30%
1995– Forget You | Closet Freak Cee Lo Green
10%
1978– I'm Every Woman | Ain't Nobody Chaka Khan
10%
1969–2015 Southern Cross | Suite: Judy Blue Eyes Crosby, Stills & Nash
10%
1994– Lovefool | My Favourite Game The Cardigans
10%
1969–1983 (They Long to Be) Close to You | We've Only Just Begun The Carpenters
10%
1974– Three Times a Lady | Too Hot ta Trot Commodores
0%
Nie znaleziono quizów pasujących do podanych kryteriów
Rozkład punktacji
Procent ludzi z każdym wynikiem
Percentyl według liczby udzielonych odpowiedzi
Twoja historia wyników
Nie rozwiązałeś tego quizu